Plantilla Real Sociedad 2023/24 - Estadísticas

Estadísticas generales
  • Esta prueba ha sido intentada 202 veces
  • La puntuación promedio es 21 de 26
Estadísticas de respuestas
Imagen Respuesta % Correcto
Mikel Oyarzabal
99%
Álex Remiro
98%
Mikel Merino
98%
Takefusa Kubo
98%
Brais Méndez
94%
Robin Le Normand
94%
Martín Zubimendi
92%
Álvaro Odriozola
91%
Sadiq Umar
91%
Ander Barrenetxea
88%
Igor Zubeldia
87%
Hamari Traoré
86%
Aritz Elustondo
84%
Javi Galán
84%
André Silva
82%
Sheraldo Becker
80%
Aihen Muñoz
76%
Beñat Turrientes
76%
Kieran Tierney
76%
Carlos Fernández
72%
Arsen Zakharyan
66%
Jon Pacheco
66%
Unai Marrero
62%
Ander Olasagasti
61%
Urko González de Zárate
55%
Martín Merquelanz
52%
No se encontraron pruebas coincidentes
Distribución de puntuación
Porcentaje de gente con cada puntuación
Porcentaje por número respondido
Historial de tus puntuaciones
No has intentado esta prueba.